Precedential Phenomena in Cross-cultural Communication

Rôzne formy precedentných javov a ich úloha v rámci ich vlastných kultúr a v širšom civilizačnom prostredí.

Gespeichert in:
Bibliographische Detailangaben
1. Verfasser: Hrivíková, Tatiana, 1959-
Format: Buchkapitel
Sprache:Englisch
Schlagworte:
Tags: Tag hinzufügen
Keine Tags, Fügen Sie das erste Tag hinzu!

MARC

LEADER 00000naa$a2200000$$$4500
001 0250199
005 20240502083714.3
041 0 |a eng 
044 |a CZ 
245 1 0 |a Precedential Phenomena in Cross-cultural Communication  |c Tatiana Hrivíková 
520 |a Rôzne formy precedentných javov a ich úloha v rámci ich vlastných kultúr a v širšom civilizačnom prostredí. 
610 2 0 |a komunikácia interkultúrna 
610 2 0 |a fenomény precedentné 
610 2 0 |a kompetencie komunikačné 
610 2 0 |a kulturológia 
610 2 0 |a jazykoveda 
100 1 |a Hrivíková, Tatiana, 1959-